Statistics for Biggest Cities once in the Japanese Empire

Click here to take the quiz!

General Stats

  • This quiz has been taken 179 times
    (93 since last reset)
  • The average score is 19 of 26

Answer Stats

PopulationCity% Correct
40.4 milTokyo
100%
33.6 milShanghai
98%
31.3 milJakarta
94%
24.8 milSeoul
94%
19.8 milBeijing
94%
46.7 milGuangzhou
92%
17.7 milOsaka
92%
7.50 milHong Kong
92%
25.7 milManila
90%
7.90 milSingapore
88%
8.60 milHo Chi Minh City
87%
18.8 milBangkok
86%
8.90 milKuala Lumpur
83%
9.05 milWuhan
76%
9.15 milTaipei
76%
10.5 milNagoya
75%
12.7 milTianjin
69%
6.60 milNanjing
64%
5.60 milYangon
64%
10.0 milXiamen
60%
6.10 milSurabaya
54%
6.95 milBandung
50%
6.10 milQingdao
45%
8.00 milShenyang
42%
8.45 milHangzhou
40%
7.65 milShantou
20%

Score Distribution

Percentile by Number Answered

Percent of People with Each Score

Your Score History

You have not taken this quiz since the last reset